00338nam a2200133Ia 4500008004100000041000800041082001500049100001500064245004500079250001800124260002400142300003100166365000700197240624s9999 xx 000 0 und d aeng a658.88 BAG aBAGCHI S K aCREDIT RISK MANAGEMENT RBI BASED II IMPL a(3rd Revised) c2013aMumbaibJaico axiv, : 398 : p. : cm. ; 21 cRS